Become a better you : (Record no. 31704)
[ view plain ]
| 000 -LEADER | |
|---|---|
| fixed length control field | 02927cam a2200385 a 4500 |
| 001 - CONTROL NUMBER | |
| control field | 14858392 |
| 003 - CONTROL NUMBER IDENTIFIER | |
| control field | OSt |
| 005 - DATE AND TIME OF LATEST TRANSACTION | |
| control field | 20190502121817.0 |
| 008 - FIXED-LENGTH DATA ELEMENTS--GENERAL INFORMATION | |
| fixed length control field | 070521s2007 nyu b 000 0 eng |
| 010 ## - LIBRARY OF CONGRESS CONTROL NUMBER | |
| LC control number | 2007020823 |
| 020 ## - INTERNATIONAL STANDARD BOOK NUMBER | |
| International Standard Book Number | 9781416580836 |
| 035 ## - SYSTEM CONTROL NUMBER | |
| System control number | (OCoLC)ocn137244666 |
| 035 ## - SYSTEM CONTROL NUMBER | |
| System control number | (OCoLC)137244666 |
| 040 ## - CATALOGING SOURCE | |
| Original cataloging agency | MMU |
| Transcribing agency | MMU |
| Modifying agency | MMU |
| -- | eng |
| 050 00 - LIBRARY OF CONGRESS CALL NUMBER | |
| Classification number | BV4598.2 |
| Item number | .O86 2007 |
| 082 00 - DEWEY DECIMAL CLASSIFICATION NUMBER | |
| Classification number | 248.4 |
| Edition number | 22 |
| 100 1# - MAIN ENTRY--PERSONAL NAME | |
| Personal name | Osteen, Joel. |
| 245 10 - TITLE STATEMENT | |
| Title | Become a better you : |
| Remainder of title | 7 keys to improving your life every day / |
| Statement of responsibility, etc. | Joel Osteen. |
| 250 ## - EDITION STATEMENT | |
| Edition statement | 1st Free Press hardcover ed. |
| 260 ## - PUBLICATION, DISTRIBUTION, ETC. (IMPRINT) | |
| Place of publication, distribution, etc. | New York : |
| Name of publisher, distributor, etc. | Free Press, |
| Date of publication, distribution, etc. | 2007. |
| 300 ## - PHYSICAL DESCRIPTION | |
| Extent | xv, 379 p. ; |
| Dimensions | 24 cm. |
| 504 ## - BIBLIOGRAPHY, ETC. NOTE | |
| Bibliography, etc | Includes bibliographical references (p. 379). |
| 505 0# - FORMATTED CONTENTS NOTE | |
| Formatted contents note | Keep pressing forward -- Stretching to the next level -- Give your dreams a new beginning -- The power of your bloodline -- Breaking free from the strongholds of your past -- The generational blessing -- Discovering your destiny -- Action points part 1 : keep pressing forward -- Be positive toward yourself -- Stop listening to accusing voices -- Learning to like yourself -- Making your words work for you -- Have confidence in yourself -- Action points part 2 : be positive toward yourself -- Develop better relationships -- Bringing the best out of people -- Keep the strife out of your life -- Taking a stand for your family -- Invest in your relationships -- Being good to people -- Action points part 3 : develop better relationships -- Form better habits -- Feed your good habits -- Develop a habit of happiness -- Handling criticism -- Keep yourself happy -- Action points part 4 : form better habits -- Embrace the place where you are -- Embrace the place where you are -- It is well with my soul -- Stay in peace -- Remember the good -- God is in control -- Action points part 5 : embrace the place where you are -- Develop your inner life -- Rising higher -- Develop a tender conscience -- Dealing with the root issues -- Action points part 6 : develop your inner life -- Stay passionate about life -- Plan for blessing -- Keep singing your song -- From believing to expecting -- Stay passionate about life -- Action points part 7 : stay passionate about life. |
| 650 #0 - SUBJECT ADDED ENTRY--TOPICAL TERM | |
| Topical term or geographic name as entry element | Self-actualization (Psychology) |
| General subdivision | Religious aspects |
| -- | Christianity. |
| 650 #0 - SUBJECT ADDED ENTRY--TOPICAL TERM | |
| Topical term or geographic name as entry element | Christian life. |
| 650 #2 - SUBJECT ADDED ENTRY--TOPICAL TERM | |
| Topical term or geographic name as entry element | Adaptation, Psychological. |
| 650 #2 - SUBJECT ADDED ENTRY--TOPICAL TERM | |
| Topical term or geographic name as entry element | Christianity. |
| 650 #2 - SUBJECT ADDED ENTRY--TOPICAL TERM | |
| Topical term or geographic name as entry element | Personal Satisfaction. |
| 856 41 - ELECTRONIC LOCATION AND ACCESS | |
| Materials specified | Table of contents only |
| Uniform Resource Identifier | <a href="http://www.loc.gov/catdir/toc/ecip0718/2007020823.html">http://www.loc.gov/catdir/toc/ecip0718/2007020823.html</a> |
| 856 42 - ELECTRONIC LOCATION AND ACCESS | |
| Materials specified | Publisher description |
| Uniform Resource Identifier | <a href="http://www.loc.gov/catdir/enhancements/fy0726/2007020823-d.html">http://www.loc.gov/catdir/enhancements/fy0726/2007020823-d.html</a> |
| 856 41 - ELECTRONIC LOCATION AND ACCESS | |
| Materials specified | Sample text |
| Uniform Resource Identifier | <a href="http://www.loc.gov/catdir/enhancements/fy0740/2007020823-s.html">http://www.loc.gov/catdir/enhancements/fy0740/2007020823-s.html</a> |
| 856 42 - ELECTRONIC LOCATION AND ACCESS | |
| Materials specified | Contributor biographical information |
| Uniform Resource Identifier | <a href="http://www.loc.gov/catdir/enhancements/fy0901/2007020823-b.html">http://www.loc.gov/catdir/enhancements/fy0901/2007020823-b.html</a> |
| 906 ## - LOCAL DATA ELEMENT F, LDF (RLIN) | |
| a | 7 |
| b | cbc |
| c | orignew |
| d | 1 |
| e | ecip |
| f | 20 |
| g | y-gencatlg |
| 942 ## - ADDED ENTRY ELEMENTS (KOHA) | |
| Source of classification or shelving scheme | Library of Congress Classification |
| Koha item type | L |
| Withdrawn status | Lost status | Source of classification or shelving scheme | Damaged status | Not for loan | Home library | Current library | Date acquired | Source of acquisition | Total Checkouts | Full call number | Barcode | Date last seen | Price effective from | Koha item type |
|---|---|---|---|---|---|---|---|---|---|---|---|---|---|---|
| Library of Congress Classification | Maasai Mara University Library -Main Campus | Maasai Mara University Library -Main Campus | 05/02/2019 | Book harvest | BV4598.2.O86 2007 | 17037914 | 05/02/2019 | 05/02/2019 | L |